<?xml version="1.0" encoding="UTF-8"?>
<marc:record xmlns:marc="http://www.loc.gov/MARC21/slim">
   <marc:leader>00000nam a2200000 a 4500</marc:leader>
   <marc:datafield ind1="1" ind2=" " tag="100">
      <marc:subfield code="a">Lenormand, Frédéric</marc:subfield>
      <marc:subfield code="4">aut</marc:subfield>
      <marc:subfield code="e">Verfasser/-in</marc:subfield>
   </marc:datafield>
   <marc:datafield ind1="1" ind2=" " tag="100">
      <marc:subfield code="a">Landgrebe, Christiane</marc:subfield>
      <marc:subfield code="4">trl</marc:subfield>
      <marc:subfield code="e">Übersetzer/-in</marc:subfield>
   </marc:datafield>
   <marc:datafield ind1="1" ind2=" " tag="100">
      <marc:subfield code="a">Lenormand, Frédéric</marc:subfield>
   </marc:datafield>
   <marc:datafield ind1=" " ind2=" " tag="653">
      <marc:subfield code="a">Geschichte 1762</marc:subfield>
   </marc:datafield>
   <marc:datafield ind1=" " ind2=" " tag="653">
      <marc:subfield code="a">Mord</marc:subfield>
   </marc:datafield>
   <marc:datafield ind1=" " ind2=" " tag="653">
      <marc:subfield code="a">Verdeckte Ermittlerin</marc:subfield>
   </marc:datafield>
   <marc:datafield ind1=" " ind2=" " tag="653">
      <marc:subfield code="a">Aufklärung</marc:subfield>
   </marc:datafield>
   <marc:datafield ind1=" " ind2=" " tag="653">
      <marc:subfield code="a">Fiktionale Darstellung</marc:subfield>
   </marc:datafield>
   <marc:datafield ind1=" " ind2=" " tag="653">
      <marc:subfield code="a">Belletristische Darstellung</marc:subfield>
   </marc:datafield>
   <marc:datafield ind1="0" ind2="0" tag="245">
      <marc:subfield code="a">Die venezianische Agentin</marc:subfield>
   </marc:datafield>
   <marc:datafield ind1="0" ind2="0" tag="245">
      <marc:subfield code="b">Roman</marc:subfield>
   </marc:datafield>
   <marc:datafield ind1="0" ind2="0" tag="245">
      <marc:subfield code="c">Frédéric Lenormand. Aus dem Franz. übers. von Christiane Landgrebe</marc:subfield>
   </marc:datafield>
   <marc:datafield ind1=" " ind2="1" tag="264">
      <marc:subfield code="a">München</marc:subfield>
      <marc:subfield code="b">Thiele</marc:subfield>
      <marc:subfield code="c">2011</marc:subfield>
   </marc:datafield>
   <marc:datafield ind1="1" ind2=" " tag="490">
      <marc:subfield code="a">Die Geheimnisse der Serenissima</marc:subfield>
   </marc:datafield>
   <marc:datafield ind1="1" ind2=" " tag="520">
      <marc:subfield code="a">Angaben aus der Verlagsmeldung

Die venezianische Agentin / von Frédéric Lenormand

Panik im Dogenpalast! Mitten in der Sitzung des großen Rats, direkt unter dem von
Tintoretto gemalten Paradies-Fresco, wurde Zan Pelizzioli erstochen, ein edler Patrizier. Der gesamte Adel Venedigs war anwesend, und doch hat niemand etwas bemerkt. Saverio Barbaran, bekannt und gefürchtet als der "Rote Inquisitor", hat seine Gründe, den Mord geheimzuhalten, und beauftragt die Agentin Leonora Pucci, den Fall mit aller nötigen Diskretion aufzuklären. Doch das ist leichter gesagt als
getan: der Bote, der Leonora den Auftrag übermitteln soll, wird vergiftet aufgefunden - in seiner Hand hält er ein rätselhaftes Gedicht. Mit Hilfe des charmanten jungen Anwalts Flaminio del Oio findet Leonora heraus, daß der Autograph von dem lang verstorbenen Dogen Grimani sein muss. Als sie die Druckerei von Grimanis
Gedichten aufsucht, ist auch der Drucker tot.
Und während ihre Stiefmutter plant, Leonora mit dem schwarzen Schaf einer reichen venezianischen Familie zu verheiraten, um die Finanzen aufzubessern, wird die junge Erbin der Familie dalla Frascada zum zweiten mal zur Ermittlerin in einem spannenden Kriminalfall zwischen Canal grande
und Caffè Florian.
</marc:subfield>
   </marc:datafield>
   <marc:datafield ind1=" " ind2=" " tag="020">
      <marc:subfield code="a">9783851791662</marc:subfield>
      <marc:subfield code="9">9783851791662</marc:subfield>
   </marc:datafield>
   <marc:datafield ind1=" " ind2=" " tag="020">
      <marc:subfield code="a">3851791665</marc:subfield>
      <marc:subfield code="9">3851791665</marc:subfield>
   </marc:datafield>
   <marc:datafield ind1=" " ind2=" " tag="041">
      <marc:subfield code="a">ger</marc:subfield>
   </marc:datafield>
   <marc:datafield ind1=" " ind2=" " tag="300">
      <marc:subfield code="a">319 S.</marc:subfield>
   </marc:datafield>
</marc:record>
